| 000 | 00390nam a2200145Ia 4500 | ||
|---|---|---|---|
| 008 | 210210b1989 xxu||||| |||| 00| 0 eng d | ||
| 020 | _a81 7024 257 6 | ||
| 082 | _a305.56 PARS | ||
| 100 | _aPARVATHAMMA (C). | ||
| 245 | _aScheduled castes at the cross roads. | ||
| 260 |
_aNew Delhi. _bAshish Publishing House., _c1989 |
||
| 300 | _avi,203 | ||
| 690 | _aSocial Structure | ||
| 906 | _a043027 | ||
| 999 |
_c92315 _d92315 |
||